[Event "Open Pacific Ocean"]
[Site "SchemingMind.com"]
[Date "2011.09.15"]
[Round "-"]
[White "flammablepawn"]
[Black "otsenrechess"]
[Result "0-1"]
[WhiteCountry "USA"]
[BlackCountry "HUN"]
[WhiteElo "1893"]
[WhiteRD "74"]
[BlackElo "2136"]
[BlackRD "52"]
[GameID "292952"]

1. b4 e5 2. Bb2 Bxb4 3. Bxe5 Nf6 4. Nf3 O-O 5. e3 d5 6. Be2 Nc6 7. Bb2 Bf5 8. O-O h6 9. d3 Qe7 10. Nbd2 Ba3
11. Qc1 Bxb2 12. Qxb2 b6 13. c4 Rad8 14. d4 Qb4 15. Qb3 Rfe8 16. Qxb4 Nxb4 17. a3 Nd3 18. cxd5 Nxd5 19. Nb3 Nc3 20. Bxd3 Bxd3
21. Rfe1 f6 22. Nc1 Bc4 23. a4 c5 24. Ra3 cxd4 25. Nxd4 Nb1 26. Ra1 Rxd4 27. Rxb1 Rd2 28. Ra1 Red8 29. h3 Rb2 30. Ra3 Rdd2
0-1

[Event "Open Pacific Ocean"]
[Site "SchemingMind.com"]
[Date "2011.09.15"]
[Round "-"]
[White "otsenrechess"]
[Black "flammablepawn"]
[Result "0-1"]
[WhiteCountry "HUN"]
[BlackCountry "USA"]
[WhiteElo "2147"]
[WhiteRD "45"]
[BlackElo "1933"]
[BlackRD "66"]
[GameID "292953"]

1. Nf3 d5 2. d4 Nf6 3. c4 c6 4. Nc3 e6 5. Bg5 Be7 6. cxd5 exd5 7. Qc2 O-O 8. e3 Bg4 9. Ne5 Be6 10. Bd3 h6
11. Bh4 Nbd7 12. Nxd7 Nxd7 13. Bg3 Re8 14. O-O Nf6
0-1

[Event "Open Pacific Ocean"]
[Site "SchemingMind.com"]
[Date "2011.09.16"]
[Round "-"]
[White "Manuel Angel"]
[Black "otsenrechess"]
[Result "0-1"]
[WhiteCountry "ESP"]
[BlackCountry "HUN"]
[WhiteElo "1866"]
[WhiteRD "79"]
[BlackElo "2136"]
[BlackRD "52"]
[GameID "293035"]

1. b4 e5 2. Bb2 Bxb4 3. Bxe5 Nf6 4. Nc3 Nc6 5. Bxf6 Qxf6 6. Nd5 Qd6 7. Nxb4 Nxb4 8. a3 Nc6 9. e3 O-O 10. Nf3 Qc5
11. Be2 d6 12. O-O Bf5 13. c4 Qa5 14. Nh4 Bd7 15. Qc2 Rfe8 16. d4 a6 17. Rab1 Rab8 18. Bd3 g6 19. Nf3 b6 20. h3 Kg7
21. Rfd1 f6 22. Nd2 Qg5 23. Ne4 Qa5 24. Qb2 Bf5 25. Nc3 Bxd3 26. Rxd3 Qf5 27. Rdd1 Rbd8 28. Nd5 Rc8 29. Qb3 Ne7 30. Nf4 Nc6
31. Rbc1 Rcd8 32. Qa4 Nb8 33. Rd2 Qd7 34. Qc2 Qf7
0-1

[Event "Open Pacific Ocean"]
[Site "SchemingMind.com"]
[Date "2011.09.17"]
[Round "-"]
[White "Manuel Angel"]
[Black "flammablepawn"]
[Result "1-0"]
[WhiteCountry "ESP"]
[BlackCountry "USA"]
[WhiteElo "2169"]
[WhiteRD "86"]
[BlackElo "1893"]
[BlackRD "71"]
[GameID "293036"]

1. b4 c6 2. Nc3 Nf6 3. Nf3 Qb6 4. Rb1 e6 5. e4 d5 6. e5 Nfd7 7. d4 a5 8. b5 Bb4 9. Bd2 cxb5 10. Nxb5 Nc6
11. Nd6+
1-0

[Event "Open Pacific Ocean"]
[Site "SchemingMind.com"]
[Date "2011.09.17"]
[Round "-"]
[White "otsenrechess"]
[Black "Manuel Angel"]
[Result "1-0"]
[WhiteCountry "HUN"]
[BlackCountry "ESP"]
[WhiteElo "2136"]
[WhiteRD "52"]
[BlackElo "1866"]
[BlackRD "79"]
[GameID "293037"]

1. e4 e5 2. Nf3 Nc6 3. Bb5 a6 4. Ba4 Nf6 5. O-O Be7 6. Re1 b5 7. Bb3 O-O 8. c3 d6 9. h3 Nb8 10. d4 Nbd7
11. Nbd2 c5 12. Bc2 cxd4 13. cxd4 Bb7 14. Nb3 a5 15. a4 bxa4 16. Rxa4 Bc6 17. Rc4 Qb6 18. Rc3 Rfc8 19. Be3 Qb7 20. Nbd2 a4
21. Qb1 Bb5 22. Qa2 h6 23. Rc1 Qa6 24. Bb1 Rxc3 25. Rxc3 Re8 26. Bc2 Rb8 27. Bd1 Ra8 28. d5 Bd8 29. Qa3 Rb8 30. Rc1 Ne8
31. g3 Bb6 32. Bxb6
1-0

[Event "Open Pacific Ocean"]
[Site "SchemingMind.com"]
[Date "2011.09.16"]
[Round "-"]
[White "flammablepawn"]
[Black "Manuel Angel"]
[Result "0-1"]
[WhiteCountry "USA"]
[BlackCountry "ESP"]
[WhiteElo "1933"]
[WhiteRD "66"]
[BlackElo "2017"]
[BlackRD "82"]
[GameID "293038"]

1. b4 e5 2. Bb2 Bxb4 3. Bxe5 Nf6 4. Nf3 d5 5. e3 O-O 6. Be2 c5 7. O-O Nc6 8. Bb2 Re8 9. c3 Ba5 10. Ba3 c4
11. d3 b5 12. dxc4 bxc4 13. Qa4 Qb6 14. Nd4 Nxd4 15. cxd4 Bf5 16. Bf3 Ne4 17. Rd1 Rab8 18. h3 Qd8 19. Bxe4 Bxe4 20. Nd2 Bxd2
21. Rxd2 Qg5 22. g3 c3 23. Rc2 Qf5
0-1

[Event "Open Pacific Ocean"]
[Site "SchemingMind.com"]
[Date "2011.09.21"]
[Round "-"]
[White "emvarela"]
[Black "Manuel Angel"]
[Result "0-1"]
[WhiteCountry "ARG"]
[BlackCountry "ESP"]
[WhiteElo "1787"]
[WhiteRD "47"]
[BlackElo "1957"]
[BlackRD "77"]
[GameID "293092"]

1. e4 e5 2. Nf3 Nc6 3. d4 exd4 4. c3 dxc3 5. Bc4 cxb2 6. Bxb2 Bb4+ 7. Nc3 Nf6 8. O-O O-O 9. Nd5 Be7 10. Ng5 Nxd5
11. Nxh7 Nf4 12. Nxf8 Bxf8 13. Qf3 Ne6 14. Bxe6 dxe6 15. Rad1 Qg5 16. Rd3 e5 17. h3 Be6 18. a3 Bc5 19. Qe2 Bc4
0-1

[Event "Open Pacific Ocean"]
[Site "SchemingMind.com"]
[Date "2011.09.21"]
[Round "-"]
[White "emvarela"]
[Black "flammablepawn"]
[Result "0-1"]
[WhiteCountry "ARG"]
[BlackCountry "USA"]
[WhiteElo "1787"]
[WhiteRD "47"]
[BlackElo "1942"]
[BlackRD "72"]
[GameID "293094"]

1. e4 e6 2. d4 d5 3. Nc3 Nf6 4. e5 Nfd7 5. f4 c5 6. Nf3 Nc6 7. Be3 cxd4 8. Nxd4 Bb4 9. a3 Bxc3+ 10. bxc3 Qa5
11. Nb5 O-O 12. Bd4 a6 13. Nd6 Nc5 14. Qd3 Nxd3+ 15. Bxd3 Nxd4
0-1

[Event "Open Pacific Ocean"]
[Site "SchemingMind.com"]
[Date "2011.09.21"]
[Round "-"]
[White "Manuel Angel"]
[Black "emvarela"]
[Result "0-1"]
[WhiteCountry "ESP"]
[BlackCountry "ARG"]
[WhiteElo "1866"]
[WhiteRD "79"]
[BlackElo "1797"]
[BlackRD "49"]
[GameID "293095"]

1. b4 e5 2. Bb2 Bxb4 3. Bxe5 Nf6 4. a3 Be7 5. Nc3 d6 6. Bg3 Be6 7. e3 O-O 8. Rb1 b6 9. Nf3 Nc6 10. Bb5 Ne5
11. Nxe5 dxe5 12. Bc6 Rb8 13. Bxe5 Bxa3 14. h3 Bd6 15. Bd4 Qe7 16. Qf3 Bc5 17. Bxf6 Qxf6 18. Qxf6 gxf6 19. d4 Bd6 20. Nb5 Bc4
21. Nxa7 Be6 22. Nb5 Rfd8 23. Kd2 Bc4 24. Kc3 Bxb5
0-1

[Event "Open Pacific Ocean"]
[Site "SchemingMind.com"]
[Date "2011.09.21"]
[Round "-"]
[White "flammablepawn"]
[Black "emvarela"]
[Result "1-0"]
[WhiteCountry "USA"]
[BlackCountry "ARG"]
[WhiteElo "1901"]
[WhiteRD "77"]
[BlackElo "1815"]
[BlackRD "51"]
[GameID "293097"]

1. b4 e5 2. Bb2 Bxb4 3. Bxe5 Nf6 4. Nf3 O-O 5. e3 d5 6. Be2 c5 7. O-O Nc6 8. Bb2 Re8 9. d3 Ba5 10. Nbd2 Bc7
11. c4 dxc4 12. Nxc4 b5 13. Na3 a6 14. Rc1 Bd6 15. Nc2 Bb7 16. Na1 Qc7 17. Bxf6 gxf6 18. a4 Ne5 19. axb5 Nxf3+ 20. Bxf3 Bxf3
21. Qxf3 axb5 22. Qxf6 Re6 23. Qg5+ Rg6 24. Qh5 Ra6 25. f4 Ra2 26. Rc2 Qa5 27. Qd1 Rxc2 28. Qxc2 b4 29. Nb3 Qb5 30. Qc4 Qc6
31. e4 Kg7 32. g3 h5 33. e5 Be7 34. Rc1 h4 35. Kf2 hxg3+ 36. hxg3 Rh6 37. Qe4 Qe6 38. Nxc5 Bxc5+ 39. Rxc5 Qa2+ 40. Kf3 Rh2
41. Kg4 Rh6 42. f5
1-0

[Event "Open Pacific Ocean"]
[Site "SchemingMind.com"]
[Date "2011.09.17"]
[Round "-"]
[White "loco61"]
[Black "Manuel Angel"]
[Result "0-1"]
[WhiteCountry "ENG"]
[BlackCountry "ESP"]
[WhiteElo "1627"]
[WhiteRD "70"]
[BlackElo "1957"]
[BlackRD "77"]
[GameID "293129"]

1. e4 c5 2. Nf3 d6 3. c3 Nf6 4. d3 e5 5. Bg5 Nc6 6. Be2 h6 7. Bh4 Be6 8. Nbd2 Be7 9. Bxf6 Bxf6 10. O-O O-O
11. h3 d5 12. exd5 Qxd5 13. c4 Qd7 14. Ne4 Be7 15. a3 Rad8 16. Re1 f5 17. Ng3 Bd6 18. Qc2 a6 19. Nd2 Nd4 20. Qd1 b5
21. cxb5 Qxb5 22. Nc4 Bxc4 23. dxc4 Qxb2 24. Nxf5 Rxf5 25. f3 Bc7 26. a4 Nxe2+ 27. Rxe2 Rxd1+ 28. Rxd1 Qxe2
0-1

[Event "Open Pacific Ocean"]
[Site "SchemingMind.com"]
[Date "2011.09.21"]
[Round "-"]
[White "loco61"]
[Black "emvarela"]
[Result "0-1"]
[WhiteCountry "ENG"]
[BlackCountry "ARG"]
[WhiteElo "1660"]
[WhiteRD "65"]
[BlackElo "1797"]
[BlackRD "49"]
[GameID "293130"]

1. e4 e5 2. Nf3 Nc6 3. Bc4 Bc5 4. c3 Qe7 5. d3 Nf6 6. Be3 Bxe3 7. fxe3 Ng4 8. Qe2 d6 9. h3 Nf6 10. Nbd2 h6
11. O-O-O Be6 12. Bxe6 Qxe6 13. Nb3 O-O-O 14. Rhf1 g5 15. g4 b6 16. Qc2 d5 17. exd5 Nxd5 18. Rfe1 f5 19. gxf5 Qxf5 20. Ng1 Rhf8
21. c4 Ndb4 22. Qe2 Nxd3+ 23. Rxd3 Rxd3 24. e4 Qd7 25. c5 Nb4 26. a3 Rxb3 27. axb4 Qa4 28. Qc2 Qa1+ 29. Qb1 Qxb1+ 30. Kxb1 Rxb4
31. cxb6 axb6 32. Ne2 Rxe4
0-1

[Event "Open Pacific Ocean"]
[Site "SchemingMind.com"]
[Date "2011.09.17"]
[Round "-"]
[White "loco61"]
[Black "otsenrechess"]
[Result "0-1"]
[WhiteCountry "ENG"]
[BlackCountry "HUN"]
[WhiteElo "1657"]
[WhiteRD "67"]
[BlackElo "2147"]
[BlackRD "45"]
[GameID "293131"]

1. e4 g6 2. Nf3 Bg7 3. c3 d5 4. exd5 Qxd5 5. c4 Qa5 6. Nc3 Nc6 7. d4 Bg4 8. Be2 O-O-O 9. Be3 Bxf3 10. Bxf3 Nxd4
11. Bxd4 Rxd4 12. Qc2 Rxc4 13. Qb3 Rb4 14. Qc2 Rxb2 15. Qd3 Bxc3+ 16. Kd1 Nf6 17. Bxb7+ Rxb7 18. Rc1 Rd8
0-1

[Event "Open Pacific Ocean"]
[Site "SchemingMind.com"]
[Date "2011.09.16"]
[Round "-"]
[White "loco61"]
[Black "flammablepawn"]
[Result "0-1"]
[WhiteCountry "ENG"]
[BlackCountry "USA"]
[WhiteElo "1657"]
[WhiteRD "67"]
[BlackElo "1933"]
[BlackRD "66"]
[GameID "293132"]

1. e4 e6 2. Nf3 d5 3. exd5 exd5 4. d4 Nf6 5. Nc3 Bd6 6. Bg5 Be6 7. Bd3 O-O 8. O-O Nbd7 9. Re1 Be7 10. Re2 h6
11. Bh4 c6 12. Qd2 Nh7 13. Bxe7 Qxe7 14. Bxh7+ Kxh7 15. Ne5 Nxe5 16. Rxe5 f6 17. Re3 Qf7 18. Rae1 Rfe8 19. f4 Bd7 20. g3 Rxe3
21. Rxe3 Re8 22. Rxe8 Qxe8 23. Kf2 Bf5 24. b3 Qg6 25. Ne2 Bxc2 26. h3 Be4 27. g4 f5 28. gxf5 Qg2+ 29. Ke1 Qxh3 30. Kd1 Qxf5
31. a4 Bf3 32. Ke1 Qe4 33. Kf2 Bxe2 34. Qxe2 Qxf4+ 35. Qf3 Qxd4+ 36. Kg3 Qe5+ 37. Kf2 Qf6
0-1

[Event "Open Pacific Ocean"]
[Site "SchemingMind.com"]
[Date "2011.09.17"]
[Round "-"]
[White "Manuel Angel"]
[Black "loco61"]
[Result "1-0"]
[WhiteCountry "ESP"]
[BlackCountry "ENG"]
[WhiteElo "2017"]
[WhiteRD "82"]
[BlackElo "1657"]
[BlackRD "67"]
[GameID "293133"]

1. e4 e5 2. Nf3 Nc6 3. Bb5 d6 4. c4 a6 5. Bxc6+ bxc6 6. d4 Qf6 7. dxe5 dxe5 8. Qa4 Bd7 9. Qa5 Bd6 10. c5 Be7
11. O-O Bd8 12. Bg5 Qg6 13. Bxd8 Kxd8 14. Nxe5 Qe6 15. Nf3 Qxe4 16. Nc3 Qe6 17. Rfe1 Qf6 18. Ne4 Qxb2 19. Rab1 Qc2 20. Rb7 Rc8
21. Nd6 Nf6 22. Nxf7#
1-0

[Event "Open Pacific Ocean"]
[Site "SchemingMind.com"]
[Date "2011.09.21"]
[Round "-"]
[White "emvarela"]
[Black "loco61"]
[Result "1-0"]
[WhiteCountry "ARG"]
[BlackCountry "ENG"]
[WhiteElo "1819"]
[WhiteRD "48"]
[BlackElo "1615"]
[BlackRD "66"]
[GameID "293134"]

1. e4 c5 2. Nf3 Nc6 3. d4 cxd4 4. c3 dxc3 5. Bc4 cxb2 6. Bxb2 e6 7. O-O Nf6 8. Qe2 a6 9. Nc3 b5 10. Bb3 b4
11. Nd1 Bc5 12. Rc1 Qb6 13. Bxf6 gxf6 14. Qc4 Na5 15. Qxc5 Qxc5 16. Rxc5 Nxb3 17. axb3 d6 18. Rc6 Kd7 19. Rb6 a5 20. Ne3 Ba6
21. Rd1 Rhc8 22. Rdxd6+ Ke7 23. Rxa6 Rc1+ 24. Nf1 Rac8 25. e5 fxe5 26. Nxe5 Re1 27. Rd7+ Kf6 28. Rxf7+ Kxe5 29. Rxa5+ Kd4 30. Rxh7 Rcc1
31. Rh4+ Kc3 32. Rc5+ Kxb3 33. Rxc1 Rxc1 34. Re4 Ka3 35. Rxe6 b3 36. f3 b2 37. Ra6+ Kb4 38. Rb6+ Kc3 39. Rxb2 Kxb2 40. Kf2 Kc3
41. Ne3 Kd4 42. Ng4 Kd5 43. h4 Ke6 44. Kg3 Kf5 45. Ne3+ Kg6 46. Kg4 Ra1 47. g3 Ra4+ 48. f4 Kf6 49. h5 Ra5 50. Kh4 Kg7
51. g4 Ra4 52. f5 Kf6 53. h6 Ra7 54. g5+ Kf7 55. h7 Kg7 56. g6 Ra8 57. Kg5 Ra5 58. Ng4 Rb5 59. Nf6 Re5 60. Nh5+ Kh8
61. Kh6 Rxf5 62. g7#
1-0

[Event "Open Pacific Ocean"]
[Site "SchemingMind.com"]
[Date "2011.09.17"]
[Round "-"]
[White "otsenrechess"]
[Black "loco61"]
[Result "1-0"]
[WhiteCountry "HUN"]
[BlackCountry "ENG"]
[WhiteElo "2136"]
[WhiteRD "49"]
[BlackElo "1627"]
[BlackRD "70"]
[GameID "293135"]

1. Nf3 e6 2. c4 Bc5 3. d4 Bb4+ 4. Bd2 Bxd2+ 5. Qxd2 Nf6 6. g3 b6 7. Bg2 Bb7 8. Nc3 Ne4 9. Qf4 Nxc3 10. bxc3 d6
11. Ng5 Qxg5 12. Qxg5 Bxg2 13. Qxg7 Rf8 14. Rg1 Be4 15. Qg4 d5 16. f3 Bf5 17. Qf4 Nd7 18. g4 Bg6 19. Qxc7 Ke7 20. cxd5 exd5
21. Kd2 Rfc8 22. Qb7 Kd6 23. e4 dxe4 24. fxe4 a5 25. c4 Rab8 26. e5+ Ke7 27. Qd5 Rd8 28. Qd6+ Ke8 29. Rgf1 Be4 30. e6 f6
31. exd7+ Rxd7 32. Qxb8+ Ke7 33. Rxf6 Rxd4+ 34. Ke3
1-0

[Event "Open Pacific Ocean"]
[Site "SchemingMind.com"]
[Date "2011.09.16"]
[Round "-"]
[White "flammablepawn"]
[Black "loco61"]
[Result "1-0"]
[WhiteCountry "USA"]
[BlackCountry "ENG"]
[WhiteElo "1933"]
[WhiteRD "66"]
[BlackElo "1657"]
[BlackRD "67"]
[GameID "293136"]

1. b4 e5 2. Bb2 Bxb4 3. Bxe5 f6 4. Bb2 d5 5. Nf3 Nc6 6. e3 Bf5 7. Be2 Nge7 8. O-O O-O 9. c4 dxc4 10. Bxc4+ Kh8
11. Nc3 a6 12. a3 Bc5 13. Ne2 b5 14. Bb3 Be4 15. d4 Bd6 16. Nd2 Bd5 17. e4 Bxb3 18. Qxb3 f5 19. e5 Nxe5 20. dxe5 Bxe5
21. Nf3 Bxb2 22. Qxb2 Rc8 23. Nf4 Rf6 24. Nh5 Rg6 25. Ne5 Qf8 26. Nxg6+ hxg6 27. Nf4 c5 28. Rae1 c4 29. Rxe7 g5 30. Ng6+
1-0

[Event "Open Pacific Ocean"]
[Site "SchemingMind.com"]
[Date "2011.09.18"]
[Round "-"]
[White "Aadsje"]
[Black "loco61"]
[Result "1-0"]
[WhiteCountry "NED"]
[BlackCountry "ENG"]
[WhiteElo "2184"]
[WhiteRD "51"]
[BlackElo "1657"]
[BlackRD "67"]
[GameID "293228"]

1. e4 e5 2. Nf3 Nc6 3. Bb5 d6 4. d4 Bd7 5. Nc3 a6 6. Bxc6 Bxc6 7. dxe5 dxe5 8. Qxd8+ Rxd8 9. Nxe5 Bd7 10. Nd3 Be7
11. Bf4 Nf6 12. Bxc7 Rc8 13. Ba5 O-O 14. O-O-O Bc6 15. f3 b5 16. Nb4 Bxb4 17. Bxb4 Rfd8 18. Rxd8+ Rxd8 19. Be7 Rd7 20. Bxf6 gxf6
21. Rd1 Rxd1+ 22. Nxd1 Kf8 23. Ne3 Ke7 24. Kd2 Kd6 25. Nf5+ Ke5 26. Ke3 Bd7 27. f4+ Ke6 28. Nh6 Ke7 29. Ng8+ Ke6 30. f5+ Ke5
31. Nh6 Be8 32. Ng4+ Kd6 33. Nxf6 Ke7 34. e5 Bc6 35. g4 h6 36. Kd4 Bb7 37. Ng8+ Kf8 38. Nxh6 Bf3 39. e6 fxe6 40. f6 Bg2
41. g5 Bc6 42. g6
1-0

[Event "Open Pacific Ocean"]
[Site "SchemingMind.com"]
[Date "2011.09.18"]
[Round "-"]
[White "Aadsje"]
[Black "Manuel Angel"]
[Result "1-0"]
[WhiteCountry "NED"]
[BlackCountry "ESP"]
[WhiteElo "2184"]
[WhiteRD "51"]
[BlackElo "2017"]
[BlackRD "82"]
[GameID "293229"]

1. e4 Nc6 2. Nf3 e5 3. Bb5 a6 4. Ba4 Nf6 5. O-O Be7 6. Re1 b5 7. Bb3 O-O 8. c3 d6 9. h3 h6 10. d4 Bb7
11. a4 Na7 12. dxe5 Nxe4 13. Bc2 d5 14. Nbd2 Nc5 15. Nb3 Nxa4 16. Qd3 g6 17. e6 f5 18. Ne5 Kg7 19. Nxg6 Nc6 20. Qg3
1-0

[Event "Open Pacific Ocean"]
[Site "SchemingMind.com"]
[Date "2011.09.19"]
[Round "-"]
[White "Aadsje"]
[Black "emvarela"]
[Result "1-0"]
[WhiteCountry "NED"]
[BlackCountry "ARG"]
[WhiteElo "2184"]
[WhiteRD "51"]
[BlackElo "1774"]
[BlackRD "47"]
[GameID "293230"]

1. d4 Nf6 2. Nf3 d5 3. c4 g6 4. cxd5 Nxd5 5. e4 Nb6 6. Nc3 Bg7 7. Bb5+ Bd7 8. Be2 O-O 9. h3 a6 10. O-O Nc6
11. Be3 e6 12. Qd2 Qe7 13. Rad1 Rad8 14. e5 Nd5 15. Bg5 f6 16. Bh4 Nxc3 17. bxc3 g5 18. exf6 Bxf6 19. Bxg5 Qg7 20. Bh6 Qg6
21. Bd3
1-0

[Event "Open Pacific Ocean"]
[Site "SchemingMind.com"]
[Date "2011.09.19"]
[Round "-"]
[White "Aadsje"]
[Black "otsenrechess"]
[Result "1/2-1/2"]
[WhiteCountry "NED"]
[BlackCountry "HUN"]
[WhiteElo "2184"]
[WhiteRD "51"]
[BlackElo "2147"]
[BlackRD "45"]
[GameID "293231"]

1. d4 Nf6 2. c4 e6 3. Nc3 d5 4. cxd5 exd5 5. Bg5 Bb4 6. e3 O-O 7. Bd3 c5 8. Ne2 c4 9. Bc2 Be6 10. O-O Nbd7
11. Nf4 Qa5 12. Qd2 Ne4 13. Bxe4 dxe4 14. Bh4 Rfe8 15. a3 Bxc3 16. bxc3 Nb6 17. Rfb1 Bd5 18. Rb4 Bc6 19. Qe2 f6 20. Bg3 Rad8
21. a4 Re7 22. h3 g6 23. Bh2 Kg7 24. Rab1 Qa6 25. Qa2 g5 26. Nh5+ Kg6 27. Ng3 Rd5 28. Qe2 Ra5 29. f4 exf3 30. Qc2+ Kg7
31. Nh5+ Kh8 32. Nxf6 Nd7 33. Nxd7 Be4 34. Qf2=
1/2-1/2

[Event "Open Pacific Ocean"]
[Site "SchemingMind.com"]
[Date "2011.09.18"]
[Round "-"]
[White "Aadsje"]
[Black "flammablepawn"]
[Result "1-0"]
[WhiteCountry "NED"]
[BlackCountry "USA"]
[WhiteElo "2106"]
[WhiteRD "55"]
[BlackElo "1893"]
[BlackRD "71"]
[GameID "293232"]

1. e4 e6 2. d4 d5 3. Nc3 Nf6 4. Bg5 dxe4 5. Nxe4 Be7 6. Bxf6 Bxf6 7. Nf3 Nd7 8. Bc4 O-O 9. O-O c5 10. Nxf6+ Qxf6
11. c3 cxd4 12. cxd4 Nb6 13. Bd3 Bd7 14. Be4 Nd5 15. Ne5 Rfd8 16. Qc2 Rac8 17. Nxd7
1-0

[Event "Open Pacific Ocean"]
[Site "SchemingMind.com"]
[Date "2011.09.18"]
[Round "-"]
[White "loco61"]
[Black "Aadsje"]
[Result "0-1"]
[WhiteCountry "ENG"]
[BlackCountry "NED"]
[WhiteElo "1700"]
[WhiteRD "73"]
[BlackElo "2106"]
[BlackRD "55"]
[GameID "293233"]

1. e4 c5 2. Nf3 d6 3. Bc4 e6 4. c3 Nf6 5. d3 Be7 6. Be3 d5 7. exd5 exd5 8. Bb3 Nc6 9. Nbd2 O-O 10. Nf1 d4
11. cxd4 cxd4 12. Bg5 Ng4 13. Bf4 Bd6 14. Bg3 Re8+ 15. Kd2 Bxg3 16. Nxg3 Nxf2 17. Qf1 Nxh1 18. Nxh1 Be6 19. Bxe6 Rxe6 20. Ng3 Qa5+
21. Kd1 Re3 22. Rc1 Nb4 23. Nxd4 Rxd3+
0-1

[Event "Open Pacific Ocean"]
[Site "SchemingMind.com"]
[Date "2011.09.18"]
[Round "-"]
[White "Manuel Angel"]
[Black "Aadsje"]
[Result "0-1"]
[WhiteCountry "ESP"]
[BlackCountry "NED"]
[WhiteElo "2017"]
[WhiteRD "82"]
[BlackElo "2184"]
[BlackRD "51"]
[GameID "293234"]

1. e4 e5 2. Nf3 Nc6 3. Bc4 Nf6 4. Ng5 d5 5. exd5 Na5 6. Bb5+ c6 7. dxc6 bxc6 8. Qf3 Qc7 9. Bd3 h6 10. Ne4 Nd5
11. O-O Be7 12. Ng3 O-O 13. Nf5 Bg5 14. h4 Bxf5 15. Qxf5 g6 16. Qg4 Be7 17. Nc3 Nf4 18. Re1 Nxd3 19. cxd3 h5 20. Qg3 Rae8
21. b4 Bxb4 22. Ne4 Re6 23. Ng5 Re7 24. Rb1 Rb8 25. Ne4 Re6 26. Rxb4 Rxb4 27. Nc5 Re8 28. Na6 Qe7 29. Nxb4 Qxb4
0-1

[Event "Open Pacific Ocean"]
[Site "SchemingMind.com"]
[Date "2011.09.19"]
[Round "-"]
[White "emvarela"]
[Black "Aadsje"]
[Result "0-1"]
[WhiteCountry "ARG"]
[BlackCountry "NED"]
[WhiteElo "1774"]
[WhiteRD "47"]
[BlackElo "2184"]
[BlackRD "51"]
[GameID "293235"]

1. e4 c5 2. Nf3 d6 3. d4 cxd4 4. Nxd4 Nf6 5. Nc3 a6 6. Be3 e6 7. f3 b5 8. Qd2 Bb7 9. O-O-O Nbd7 10. g4 h6
11. h4 b4 12. Nb1 d5 13. exd5 Nxd5 14. Bg2 Ne5 15. g5 Nc4 16. Qe2 Ncxe3 17. Rd3 Nxg2 18. Nxe6 fxe6 19. Qxg2 Qc7 20. Re1 Nf4
21. Qd2 Nxd3+ 22. Qxd3 hxg5 23. Qg6+ Qf7 24. Rxe6+ Be7
0-1

[Event "Open Pacific Ocean"]
[Site "SchemingMind.com"]
[Date "2011.09.19"]
[Round "-"]
[White "otsenrechess"]
[Black "Aadsje"]
[Result "0-1"]
[WhiteCountry "HUN"]
[BlackCountry "NED"]
[WhiteElo "2147"]
[WhiteRD "45"]
[BlackElo "2184"]
[BlackRD "51"]
[GameID "293236"]

1. e4 c6 2. Nc3 d5 3. Nf3 Bg4 4. h3 Bxf3 5. Qxf3 e6 6. d3 d4 7. Nd1 Qc7 8. Be2 Nd7 9. c3 c5 10. O-O Ngf6
11. Qf4 Bd6 12. Qh4 O-O 13. f4 e5 14. f5 c4 15. dxc4 Qc6 16. b4 a5 17. b5 Qxe4 18. Qxe4 Nxe4 19. Bf3 Ndc5
0-1

[Event "Open Pacific Ocean"]
[Site "SchemingMind.com"]
[Date "2011.09.19"]
[Round "-"]
[White "flammablepawn"]
[Black "Aadsje"]
[Result "0-1"]
[WhiteCountry "USA"]
[BlackCountry "NED"]
[WhiteElo "1893"]
[WhiteRD "71"]
[BlackElo "2106"]
[BlackRD "55"]
[GameID "293237"]

1. b4 d5 2. Bb2 Nf6 3. Nf3 e6 4. b5 Bd6 5. e3 O-O 6. a4 Nbd7 7. c4 e5 8. d4 exd4 9. Bxd4 c5 10. Bb2 d4
11. exd4 cxd4 12. Qxd4 Bc5 13. Qd2 Ne4 14. Qc2 Nxf2
0-1

[Event "Open Pacific Ocean"]
[Site "SchemingMind.com"]
[Date "2011.09.19"]
[Round "-"]
[White "assegai"]
[Black "loco61"]
[Result "1/2-1/2"]
[WhiteCountry "ENG"]
[BlackCountry "ENG"]
[WhiteElo "1790"]
[WhiteRD "65"]
[BlackElo "1657"]
[BlackRD "67"]
[GameID "293271"]

1. e4 c5 2. Nf3 Nc6 3. d4 cxd4 4. Nxd4 Nxd4 5. Qxd4 Qc7 6. Nc3 e5 7. Nd5 Qd6 8. Qc3 Kd8 9. Be3 Ne7 10. Qa5+ b6
11. Bxb6+ axb6 12. Qxa8 Nxd5 13. Qxd5 Qb4+ 14. Qd2 Qxb2 15. Rd1 Qxa2 16. Bb5 Qe6 17. O-O Be7 18. h3 Bc5 19. Kh1 f6 20. Qd5 Qxd5
21. Rxd5 d6 22. Rd2 Bb7 23. f3 Ke7 24. Kh2 Ra8 25. Bd3 Rf8 26. g4 g5 27. Kg3 h6 28. Rh2 Ke6 29. h4 Bc6 30. c4 Ra8
31. Rd2 Ra3 32. Kh3 Be3 33. Rdd1 Bf4 34. hxg5 hxg5 35. Rf2 Ba4 36. Rdd2 Bxd2 37. Rxd2 Rc3 38. Kg3 Kd7=
1/2-1/2

[Event "Open Pacific Ocean"]
[Site "SchemingMind.com"]
[Date "2011.09.20"]
[Round "-"]
[White "assegai"]
[Black "Manuel Angel"]
[Result "1-0"]
[WhiteCountry "ENG"]
[BlackCountry "ESP"]
[WhiteElo "1790"]
[WhiteRD "65"]
[BlackElo "2017"]
[BlackRD "82"]
[GameID "293272"]

1. e4 c5 2. Nf3 d6 3. d4 cxd4 4. Nxd4 Nf6 5. f3 Nc6 6. c4 Qb6 7. Nc2 g6 8. Nc3 Bg7 9. Be2 O-O 10. Ne3 Bd7
11. O-O Nd4 12. Kh1 Rac8 13. b3 Bc6 14. Bb2 Nxb3 15. axb3 Qxe3 16. Nd5 Bxd5 17. exd5 Nd7 18. Bxg7 Kxg7 19. Re1 Rfe8 20. Qd3 Qxd3
21. Bxd3 a6 22. Kg1 Rc7 23. Kf2 b6 24. Bc2
1-0

[Event "Open Pacific Ocean"]
[Site "SchemingMind.com"]
[Date "2011.09.18"]
[Round "-"]
[White "assegai"]
[Black "Aadsje"]
[Result "0-1"]
[WhiteCountry "ENG"]
[BlackCountry "NED"]
[WhiteElo "1731"]
[WhiteRD "66"]
[BlackElo "2106"]
[BlackRD "55"]
[GameID "293273"]

1. e4 e5 2. Nf3 Nc6 3. Bc4 Nf6 4. Ng5 d5 5. exd5 Na5 6. Bb5+ c6 7. dxc6 bxc6 8. Qf3 Be7 9. Bxc6+ Nxc6 10. Qxc6+ Bd7
11. Qf3 Rc8 12. c3 Bc6 13. Qg3 Nh5 14. Qg4 Nf4 15. Nxf7 Kxf7 16. Qf5+ Bf6 17. Qc2 Nxg2+ 18. Kf1 Nf4 19. Rg1 Bb5+ 20. Ke1 Nd3+
21. Kd1 Qd5
0-1

[Event "Open Pacific Ocean"]
[Site "SchemingMind.com"]
[Date "2011.09.23"]
[Round "-"]
[White "assegai"]
[Black "emvarela"]
[Result "1-0"]
[WhiteCountry "ENG"]
[BlackCountry "ARG"]
[WhiteElo "1790"]
[WhiteRD "65"]
[BlackElo "1774"]
[BlackRD "47"]
[GameID "293274"]

1. e4 e5 2. Nf3 Nc6 3. Bc4 Bc5 4. c3 Nf6 5. d4 exd4 6. cxd4 Bb4+ 7. Nc3 Nxe4 8. Qb3 Bxc3+ 9. bxc3 Qe7 10. O-O Nd6
11. Re1 Ne4 12. Bxf7+ Qxf7 13. Rxe4+ Ne7 14. Bg5
1-0

[Event "Open Pacific Ocean"]
[Site "SchemingMind.com"]
[Date "2011.09.19"]
[Round "-"]
[White "assegai"]
[Black "otsenrechess"]
[Result "0-1"]
[WhiteCountry "ENG"]
[BlackCountry "HUN"]
[WhiteElo "1790"]
[WhiteRD "65"]
[BlackElo "2147"]
[BlackRD "45"]
[GameID "293275"]

1. e4 e6 2. d4 d5 3. Nc3 Nf6 4. Bg5 Bb4 5. e5 h6 6. Bd2 Bxc3 7. bxc3 Ne4 8. Qg4 g6 9. h4 c5 10. Bd3 Nxd2
11. Kxd2 Qa5 12. Bf1 cxd4 13. Qxd4 Nc6 14. Qd3 d4 15. Ne2 Nxe5 16. Qxd4 O-O 17. Qb4 Qc7 18. Nd4 Bd7 19. Re1 a5 20. Nb5 Bxb5
21. Bxb5 axb4
0-1